000 00729cam a22002295a 4500
001 L154896
008 120130s2011 xxko f 000 0 eng d
020 _a9781848062238
035 _a(Sirsi) u154896
041 0 _aeng
100 1 _aFerguson, Alan
245 0 0 _aSustainable refurbishment of the BRE Victorian terrace
_bpart 2 the construction process
260 _aWatford
_bBRE
_c2011
300 _a16p.
_bill.
_c30cm.
490 0 _aBRE Information Paper
_v(12/11)
520 _aConsiders the processes involved in refurbishing the BRE victorian terrace (continues from part 1: design philosophy).
521 _aAdvanced
590 _aKA
651 4 _aUnited Kingdom
_y
690 _aRefurbishment
_96264
942 _n0
999 _c113222
_d113222